00997nmc a2200325 a 4500003000900000005001700009008004100026020001800067040001300085100002400098245009400122260005800216300001500274490004400289600001900333600002700352600002900379650002300408650001300431650002600444650002500470650002100495650002000516650002100536650001800557651001400575653002100589700003100610800003000641AR-BaBNM20251128204235.0046019s1988 ||||||||||||||000 | spa|| a950-25-1470-X cAR-BaBNM1 aGarcía, Alicia S.10aTextos y documentosbEl autoritarismo y los argentinos. La hora de la espada 1924-1946n3 aBuenos AiresbCentro Editor de América Latinac1988 ap. 185-289 0aBiblioteca política Argentinavv. 20214aRawson, Arturo14aRamírez, Pedro Pablo14aFarrell, Edelmiro Julian 4aHISTORIA ARGENTINA 4aPOLITICA 4aHISTORIA DE LAS IDEAS 4aIDEOLOGIAS POLITICAS 4aHISTORIA MILITAR 4aFUERZAS ARMADAS 4aGOLPES DE ESTADO 4aAUTORITARISMO 4aArgentina aGOBIERNO MILITAR1 aRodríguez Molas, Ricardo1 aTroncoso, Oscaredirector